000 005050000a22001930004500
001 2045
003 CO-MdFUSB
005 20170515160449.0
008 170515b xxu||||| |||| 00| 0 eng d
020 _a978-958-04-9944-2
040 _cCO-MdBIC
082 0 4 _a863C D632f
100 1 _aAuerbach Annie
245 1 0 _aLa familia del futuro / Annie Auerbach ; traducción Carolina Venegas
260 _aBogotá : Grupo Editorial Norma
300 _a24 P.
650 1 4 _aCuentos Infantiles
942 _cLGB
999 _c49195
_d49195